000 01132nam0a22002411 4500
001 rc\2754896
005 20110915171020.1
035 _a(NLR Aleph) 006881661
090 _a7053582
_c7053582
100 _a20110915d1940 |||y0rusy50 ca
101 0 _arus
102 _aRU
105 _aa z |||||
200 1 _aИнструкция по эксплоатации и описание машин постоянного тока, одноякорных преобразователей и синхронных генераторов серии ПН
_fСост. М. И. Алябьев
_gРед. Д. В. Шапиро
_gГос. союз., ордена Ленина Ленингр. электромашиностроит. з-д "Электросила" им. С. М. Кирова
210 _aЛенинград
_cтип. Д.К. им. М. Горького
_d1940
215 _a28, [2] с.
_cтабл.
_d26 см.
700 1 _aАлябьев
_bМ. И.
_gМихаил Иванович
702 1 _aШапиро
_bД. В.
_4340
801 0 _aRU
_bNLR
_gpsbo
801 1 _aRU
_bELAR
_2rusmarc
852 _aNLR
_jТ20 В-8/3
942 _cBOOK
980 _aNB